F2/GP2 Champions - Statistics

General Stats
  • This quiz has been taken 6 times
  • The average score is 13 of 20
Answer Stats
Hint Answer % Correct
2019 ๐Ÿ‡ณ๐Ÿ‡ฑ De Vries
100%
2022 ๐Ÿ‡ง๐Ÿ‡ท Drugovich
100%
2024 ๐Ÿ‡ง๐Ÿ‡ท Bortoleto
80%
2016 ๐Ÿ‡ซ๐Ÿ‡ท Gasly
80%
2017 ๐Ÿ‡ฒ๐Ÿ‡จ Leclerc
80%
2018 ๐Ÿ‡ฌ๐Ÿ‡ง Russell
80%
2011 ๐Ÿ‡ซ๐Ÿ‡ท Grosjean
60%
2006 ๐Ÿ‡ฌ๐Ÿ‡ง Hamilton
60%
2009 ๐Ÿ‡ฉ๐Ÿ‡ช Hรผlkenberg
60%
2010 ๐Ÿ‡ป๐Ÿ‡ช Maldonado
60%
2014 ๐Ÿ‡ฌ๐Ÿ‡ง Palmer
60%
2021 ๐Ÿ‡ฆ๐Ÿ‡บ Piastri
60%
2023 ๐Ÿ‡ซ๐Ÿ‡ท Pourchaire
60%
2005 ๐Ÿ‡ฉ๐Ÿ‡ช Rosberg
60%
2020 ๐Ÿ‡ฉ๐Ÿ‡ช Schumacher
60%
2012 ๐Ÿ‡ฎ๐Ÿ‡น Valsecchi
60%
2015 ๐Ÿ‡ง๐Ÿ‡ช Vandoorne
60%
2007 ๐Ÿ‡ฉ๐Ÿ‡ช Glock
40%
2013 ๐Ÿ‡จ๐Ÿ‡ญ Leimer
40%
2008 ๐Ÿ‡ฎ๐Ÿ‡น Pantano
40%
No matching quizzes found
Score Distribution
Percent of People with Each Score
Percentile by Number Answered
Your Score History
You have not taken this quiz